000
00150nam a22000857a 4500
082
_a
823
100
_a
MADAV
245
_a
THE PRICE OF BEAUTY
942
_c
BK
999
_c
8179
_d
8179